Vocalistas de Bandas/Grupos Brasileiros - Statistics

Estatísticas Gerais
  • Esse quiz foi jogado 161 vezes
  • A pontuação média é 20 de 30
Estatísticas das Respostas
Cantor Banda / Grupo % Correto
Renato Russo Legião Urbana
96%
Samuel Rosa Skank
91%
Chorão Charlie Brown Jr.
88%
Dinho Ouro Preto Capital Inicial
87%
Herbert Vianna Os Paralamas do Sucesso
83%
Rogério Flausino Jota Quest
82%
Paulo Miklos Titãs
81%
Humberto Gessinger Engenheiros do Hawaii
80%
Cazuza Barão Vermelho
78%
Paula Toller Kid Abelha
75%
Compadre Washington É o Tchan
72%
Di Ferrero NX Zero
72%
Ivete Sangalo Banda Eva
71%
Marcelo Falcão O Rappa
71%
Alexandre Pires Só pra Contrariar
70%
Tico Santa Cruz Detonautas Roque Clube
67%
Thiaguinho Exaltasamba
67%
Rita Lee Os Mutantes
67%
Toni Garrido Cidade Negra
63%
João Gordo Ratos de Porão
62%
Badauí CPM 22
60%
Fernanda Takai Pato Fu
60%
Roger Moreira Ultraje a Rigor
60%
Cláudia Leitte Babado Novo
58%
Lucas Silveira Fresno
54%
Derrick Green Sepultura
46%
Bruno Gouveia Biquíni Cavadão
41%
Serginho Herval Roupa Nova
34%
Alexandre Carlo Natiruts
30%
Bianca Jhordão Leela
18%
Nenhum quiz correspondente encontrado
Distribuição das Pontuações
Porcentagem de Pessoas com Cada Pontuação
Percentil de Números Respondidos
Sua Pontuação Histórica
Você não jogou esse quiz